000 00289nam a22001337a 4500
008 171226b xxu||||| |||| 00| 0 eng d
020 _a9780393937046
041 _aeng
080 _210TH
_a32
100 _a19
101 _aPOL
245 _aWE THE PEOPLE
_cGINSBERG,B
942 _2udc
_cBK
999 _c39395
_d39395